[Event "CAN-ch U16/18 Girls"]
[Site "Windsor"]
[Date "2010.07.08"]
[Round "5"]
[White "Fang, Tina"]
[Black "Lee, Melissa"]
[Result "1-0"]
[WhiteElo "1612"]
[BlackElo "1498"]
[PlyCount "53"]
[EventDate "2010.07.06"]
[EventType "swiss"]
[EventRounds "7"]
[EventCountry "CAN"]
[SourceTitle "EXT 2012"]
[Source "ChessBase"]
[SourceDate "2011.11.24"]
[SourceVersion "1"]
[SourceVersionDate "2011.11.24"]
[SourceQuality "1"]

1. e4 c5 2. Nc3 d6 3. f4 Nc6 4. Nf3 Nf6 5. Bc4 Na5 6. Bb5+ Bd7 7. Bxd7+ Qxd7 8. 0-0 g6 9. d3 Bg7 10. Qe1 0-0 11. f5 Nc6 12. Qh4 e6 13. Bh6 exf5 14. Ng5 Ne7 15. g4 Kh8 16. Rf3 Bxh6 17. Qxh6 Neg8 18. Qh4 Kg7 19. exf5 h6 20. Nge4 Nxe4 21. Nxe4 Qc6 22. Qg3 Rad8 23. Qf4 d5 24. f6+ Kh7 25. Ng5+ Kh8 26. Rh3 Qxf6 27. Rxh6+ 1-0

[Event "CAN-ch U14 Girls"]
[Site "Victoria"]
[Date "2009.07.23"]
[Round "7"]
[White "Fang, Tina"]
[Black "Powell, Ashley"]
[Result "1-0"]
[WhiteElo "1431"]
[BlackElo "1300"]
[PlyCount "61"]
[EventDate "2009.07.21"]
[EventType "swiss"]
[EventRounds "7"]
[EventCountry "CAN"]
[SourceTitle "EXT 2011"]
[Source "ChessBase"]
[SourceDate "2010.11.26"]
[SourceVersion "1"]
[SourceVersionDate "2010.11.26"]
[SourceQuality "1"]

1. d4 Nf6 2. c4 g6 3. Nc3 Bg7 4. Nf3 d6 5. e3 0-0 6. Be2 c5 7. 0-0 Nc6 8. d5 Ne5 9. Nxe5 dxe5 10. e4 e6 11. Be3 Qd7 12. Bxc5 b6 13. Bxf8 Bxf8 14. Rc1 Bh6 15. Rc2 Qe8 16. Qd3 Bd7 17. dxe6 Bxe6 18. Nd5 Rd8 19. Nxf6+ Kf8 20. Nxe8 Rxd3 21. Bxd3 Kxe8 22. c5 bxc5 23. Rxc5 Bxa2 24. Rxe5+ Kf8 25. Ra5 Be6 26. Rxa7 Bg7 27. Rb1 h5 28. b4 Be5 29. b5 Bd4 30. Ra8+ Kg7 31. Kf1 1-0

[Event "CAN-ch U14 Girls"]
[Site "Victoria"]
[Date "2009.07.21"]
[Round "1"]
[White "Hemmings, Sydney"]
[Black "Fang, Tina"]
[Result "0-1"]
[WhiteElo "981"]
[BlackElo "1431"]
[PlyCount "76"]
[EventDate "2009.07.21"]
[EventType "swiss"]
[EventRounds "7"]
[EventCountry "CAN"]
[SourceTitle "EXT 2011"]
[Source "ChessBase"]
[SourceDate "2010.11.26"]
[SourceVersion "1"]
[SourceVersionDate "2010.11.26"]
[SourceQuality "1"]

1. Nf3 Nf6 2. g3 g6 3. Bg2 Bg7 4. 0-0 0-0 5. d3 d5 6. Nbd2 c5 7. e4 e6 8. exd5 Nxd5 9. Re1 Nc6 10. c4 Ndb4 11. d4 cxd4 12. a3 Nd3 13. Rf1 e5 14. Ne1 Nxc1 15. Rxc1 Be6 16. Nef3 Rc8 17. Nb3 e4 18. Nfxd4 Nxd4 19. Nxd4 Qxd4 20. Qxd4 Bxd4 21. Rb1 Bxc4 22. Rfd1 Bd3 23. Rbc1 Bxb2 24. Rxc8 Rxc8 25. Re1 Rc1 26. Rxc1 Bxc1 27. a4 Bd2 28. Bf1 Kf8 29. Bxd3 exd3 30. Kf1 Ke7 31. Kg2 Kd6 32. Kf3 Ba5 33. Ke3 d2 34. Ke2 Kc5 35. Kd3 d1Q+ 36. Ke3 Kd5 37. Kf4 Qxa4+ 38. Ke3 Qe4# 0-1

[Event "London CC-ch B"]
[Site "London"]
[Date "2009.04.30"]
[Round "7"]
[White "Zolotovski, Vassili"]
[Black "Fang, Tina"]
[Result "0-1"]
[WhiteElo "1337"]
[BlackElo "1378"]
[PlyCount "114"]
[EventDate "2009.03.19"]
[EventType "swiss"]
[EventRounds "13"]
[EventCountry "CAN"]
[SourceTitle "EXT 2022"]
[Source "ChessBase"]
[SourceDate "2021.10.06"]
[SourceVersion "1"]
[SourceVersionDate "2021.10.06"]
[SourceQuality "1"]

1. e4 c5 2. Nc3 Nc6 3. Nf3 Nf6 4. d3 e6 5. Be3 d5 6. Bg5 Be7 7. e5 Ng4 8. Bxe7 Qxe7 9. Qe2 Qc7 10. Nb5 Qa5+ 11. Nd2 Ngxe5 12. a4 0-0 13. f4 Ng6 14. g3 a6 15. Nc3 Qb4 16. Rb1 d4 17. Nce4 Qxa4 18. b3 Qa5 19. h4 Nb4 20. Qd1 h6 21. h5 Ne7 22. Bh3 Ned5 23. Kf2 Qc7 24. Rb2 f5 25. Nc4 fxe4 26. dxe4 Nc3 27. Qe1 Qc6 28. Bg2 Qe8 29. Ne5 Nc6 30. Ng6 Rf7 31. e5 Ne7 32. Be4 Nxe4+ 33. Qxe4 Qc6 34. Qe1 Bd7 35. Nxe7+ Rxe7 36. Qg1 Qe4 37. Qe1 Qd5 38. Rg1 Bc6 39. Qe2 b5 40. Rbb1 Qe4 41. Qxe4 Bxe4 42. Rbc1 c4 43. g4 Rf8 44. Kg3 Ref7 45. Rgf1 d3 46. cxd3 Bxd3 47. Rf3 Rd7 48. Rc3 Be4 49. Rfe3 Bd5 50. b4 Ra8 51. Ra3 a5 52. f5 Rda7 53. Kf4 axb4 54. Rxa7 Rxa7 55. g5 Ra3 56. f6 Rxe3 57. Kxe3 hxg5 0-1

[Event "London CC-ch B"]
[Site "London"]
[Date "2009.04.23"]
[Round "6"]
[White "Fang, Tina"]
[Black "Merrick, Lee"]
[Result "1-0"]
[WhiteElo "1378"]
[BlackElo "1492"]
[PlyCount "124"]
[EventDate "2009.03.19"]
[EventType "swiss"]
[EventRounds "13"]
[EventCountry "CAN"]
[SourceTitle "EXT 2022"]
[Source "ChessBase"]
[SourceDate "2021.10.06"]
[SourceVersion "1"]
[SourceVersionDate "2021.10.06"]
[SourceQuality "1"]

1. d4 Nf6 2. c4 e6 3. Nf3 b6 4. Nc3 Bb7 5. e3 Be7 6. Be2 0-0 7. 0-0 Ne4 8. Qc2 Nxc3 9. Qxc3 d6 10. Rd1 Nd7 11. Qc2 f5 12. Nd2 Nf6 13. Bf3 Bxf3 14. Nxf3 Qe8 15. d5 exd5 16. cxd5 Qc8 17. Qc4 Ne4 18. Nd4 Bf6 19. Ne6 Rf7 20. f3 Nc5 21. Nf4 g6 22. Rb1 Qa6 23. Qxa6 Nxa6 24. e4 fxe4 25. fxe4 Nc5 26. Re1 Bd4+ 27. Kh1 Be5 28. g3 Bxf4 29. Bxf4 Nd3 30. Rf1 Re8 31. Rbd1 Nxf4 32. Rxf4 Rxf4 33. gxf4 Rxe4 34. Rc1 Rxf4 35. Rxc7 Rf7 36. Rc6 Rd7 37. Kg2 Kf7 38. Kg3 Kf6 39. Kf4 h5 40. h4 Kg7 41. a3 Kf6 42. b4 Kg7 43. a4 Kf6 44. a5 bxa5 45. bxa5 Kg7 46. Kg3 Kf6 47. Kf4 g5+ 48. hxg5+ Kg6 49. a6 Rf7+ 50. Kg3 Kxg5 51. Rxd6 h4+ 52. Kg2 Rf6 53. Rc6 Rf5 54. d6 Rd5 55. Rc7 Rxd6 56. Rxa7 Rd2+ 57. Kh3 Rd3+ 58. Kg2 h3+ 59. Kh2 Ra3 60. Ra8 Kf6 61. a7 Ke7 62. Rh8 Kd6 1-0

[Event "London CC-ch B"]
[Site "London"]
[Date "2009.04.02"]
[Round "3"]
[White "Bennett MacDonald, Joshua"]
[Black "Fang, Tina"]
[Result "0-1"]
[WhiteElo "1128"]
[BlackElo "1378"]
[PlyCount "78"]
[EventDate "2009.03.19"]
[EventType "swiss"]
[EventRounds "13"]
[EventCountry "CAN"]
[SourceTitle "EXT 2022"]
[Source "ChessBase"]
[SourceDate "2021.10.06"]
[SourceVersion "1"]
[SourceVersionDate "2021.10.06"]
[SourceQuality "1"]

1. e4 c5 2. Nf3 Nc6 3. d4 cxd4 4. Nxd4 Nf6 5. Nc3 e6 6. Be3 Bb4 7. a3 Bxc3+ 8. bxc3 Nxe4 9. Nxc6 bxc6 10. Bd4 0-0 11. Bd3 Nf6 12. Qd2 e5 13. Bxe5 Re8 14. Qe3 Ng4 15. Bc7 Nxe3 16. Bxd8 Nxc2+ 17. Kd2 Nxa1 18. Bf6 Nb3+ 19. Kc2 Nc5 20. Bd4 Nxd3 21. Kxd3 Ba6+ 22. c4 d5 23. Rc1 Bxc4+ 24. Rxc4 dxc4+ 25. Kxc4 Re4 26. g3 Rd8 27. Kc5 Rdxd4 28. Kxc6 Ra4 29. f4 Rxa3 30. Kb7 a5 31. Kb6 Rb4+ 32. Kc5 Rc3+ 33. Kd5 a4 34. f5 a3 35. f6 a2 36. g4 a1Q 37. h3 Qa5+ 38. Kd6 Qc7+ 39. Kd5 Qc5# 0-1